000 00772nam a2200253Ia 4500
003 OSt
005 20220918213710.0
006 a|||||r|||| 00| 0
007 ta
008 220917b |||||||| |||| 00| 0 eng d
024 _a133,851
037 _cTextual
040 _aARTS
_cARTS
_beng
041 _2eng
_aeng
082 _aX:89Q, L7
100 _aSchneeweib Christroph A
_9128010
245 0 _aInventory production theory
_b a linear policy approach
260 _aBrelin
_bSpringer-Verlag
_c1977
300 _avi,116p.
_ccm.
490 _aLecture notes in economic and mathenmtical systems edited by M Beckmann and H P Kunzi; 151
650 _aECONOMICS
942 _hX:89Q, L7
_cTEXL
_2CC
999 _c256958
_d256958